00791nam a22001577a 4500003000500000005001700005008004100022020001800063050002300081245004900104250001300153260005300166300003200219520034400251650003800595SISC20160616122647.0160616b xxu||||| |||| 00| 0 eng d a9789814574631 aQA 135.6 T645 2014 aTopical maths normal academic /cP. J. Toh.  a2nd ed.  aSingapore :bSingapore Publishing House c2014.  a196 p. : bill. ; c26 cm.  aTopical Maths Normal (Academic) is a series of books which is extremely useful for students preparing for end-of-year examinations. Each book provides a comprehensive coverage of the latest MOE Secondary Maths syllabus, and students will find it easy to follow the clear and easy-to-understand explanations given for the various concepts.  aMathematics--Study and teaching.